000 00734nam a2200217 u 4500
001 000002897
003 DO-SdBNP
005 20220510122800.0
007 ta
008 090704s1984 dr a r 000 0 spa d
040 _aDO-SdBNP
_bspa
_cBNPHU
082 4 _a334.097293
_bD635g
_222
100 1 _aDitrén Díaz, Ramon Isidro,
_d1932-
_99203
245 1 0 _aGuía del dirigente :
_bevaluación cooperativa /
_cRamon Isidro Ditrén Díaz.
260 _aSanto Domingo :
_bInstituto Técnico Salesiano,
_c1984.
300 _a213 p :
_bil ;
_c18 cm.
500 _aIncluye datos bigráficos del autor en la contracubierta
590 _aInventriado, 2022/BT
650 4 _aCooperativismo
_zRepública Dominicana
_xHistoria
_99204
942 _2ddc
_cLBS1
999 _c2731
_d2731